000 00571nam a2200241 a 4500
001 nice12345678
003 IN_TiNIC
005 20260116011420.0
008 050524s1930 lona grp 000 0 eng
020 _a
_c0
082 0 0 _a133
_bBUD
100 _aBudge, E A Wallis
245 _aAmulets and Superstitions
260 _aLondon
_bOxford University Press
_c1930
300 _a543p
500 _aincludes index and biblioraphy
505 2 _aindex
650 _aOccultism
700 1 _aBudge, E A Wallis
902 _bSRS
942 _cBK
999 _c1332
_d1332